00849naa a2200193 i 450000100060000000300090000600500170001500800410003202100070007303500220008004000130010204100080011504300080012310000170013124500890014852002660023765000310050377301210053476623ES-MaBCM20241016120401.0010720s2001 fra 000 0 fre d axx a(OCoLC)1365153403 cES-MaBCM0 afre afra1 aZakr, Nasser10aApproche analytique du crime contre l'humanité en droit internationalcNasser Zakr aAspectos jurídicos del crimen contra la humanidad en derecho internacional. La calificación jurídica del crimen contra la humanidad en el Estatuto de los tribunales penales internacionales pra Ruanda y ex-Yugoslavia. Genocidio y crimen contra la humanidad27aCrimen contra la humanidad0 aEn:tRevue générale de droit international publicdParis : 2001w104678gv.105, nº 2, p. 281-306. - Loc. S.279